Countries formerly in the USSR - Statistics

General Stats
  • This quiz has been taken 94 times
  • The average score is 13 of 15
Answer Stats
Answer % Correct
Ukraine
97%
Lithuania
95%
Latvia
94%
Belarus
92%
Estonia
92%
Kazakhstan
90%
Russia
89%
Kyrgyzstan
87%
Tajikistan
87%
Uzbekistan
85%
Turkmenistan
84%
Armenia
82%
Georgia
82%
Azerbaijan
81%
Moldova
81%
No matching quizzes found
Score Distribution
Percent of People with Each Score
Percentile by Number Answered
Your Score History
You have not taken this quiz